| 000 | 00412nam a2200145Ia 4500 | ||
|---|---|---|---|
| 008 | 230411s9999 xx 000 0 und d | ||
| 020 | _a978 04430 6930 7 | ||
| 041 | _aeng | ||
| 082 | _aOG/618.2/HEN/LAU/B05077 | ||
| 100 |
_aHenry Galam & Laura Goetzl _9178441 |
||
| 245 | _aObstetrics: Normal and problem pregnancies | ||
| 260 |
_bGeneral _aPhiladelphia _c2007 |
||
| 300 | _a1391p | ||
| 999 |
_c155607 _d155607 |
||